Statistics for Alphabets of the World

Click here to take the quiz!

General Stats

  • This quiz has been taken 312 times
    (287 since last reset)
  • The average score is 10 of 12

Answer Stats

HintAnswer% Correct
عربی حروف تہجیArabic alphabet
95%
中国字母表Chinese alphabet
93%
ελληνικό αλφάβητοGreek alphabet
92%
日本語の表記体系Japanese alphabet
91%
한글, 조선글Korean alphabet
91%
This one is easy :)Latin alphabet
87%
Кириллица ЋирилицаCyrillic alphabet
86%
हिन्दी वर्णमालाHindi alphabet (Devanagari)
81%
אָלֶף־בֵּית עִבְרִיHebrew alphabet
79%
ქართულიGeorgian alphabet
64%
Հայոց այբուբենArmenian alphabet
56%
ግዕዝ ፊደልEthiopic alphabet (Ge'ez, Amharic)
47%

Score Distribution

Percentile by Number Answered

Percent of People with Each Score

Your Score History

You have not taken this quiz since the last reset